LEADER 01406nam2 22003011i 450 001 SUN0054831 005 20150605015235.616 010 $a88-02-04634-4 100 $a20061025r19831997 |0itac50 ba 101 $aita 102 $aIT 105 $a|||| ||||| 200 1 $aˆ2: ‰Fondamenti di meccanica delle strutture$fRiccardo Baldacci 205 $aRist. corr 210 $aTorino$cUTET 215 $aVIII, 692 p.$cill.$d25 cm. 461 1$1001SUN0052733$12001 $aScienza delle costruzioni$fRiccardo Baldacci$v2$1205 $aRist. corr$1210 $aTorino$cUTET$d1997$1215 $a2 volumi$d25 cm. 620 $dTorino$3SUNL000001 700 1$aBaldacci$b, Riccardo$3SUNV041582$03041 712 $aUTET$3SUNV000072$4650 801 $aIT$bSOL$c20181109$gRICA 912 $aSUN0054831 950 $aUFFICIO DI BIBLIOTECA DEI DIPARTIMENTI DI INGEGNERIA$d05 CONS G III 146 $e05 NS 1875 950 $aUFFICIO DI BIBLIOTECA DEI DIPARTIMENTI DI INGEGNERIA$d05 CONS G I 003 $e05 196 995 $aUFFICIO DI BIBLIOTECA DEI DIPARTIMENTI DI INGEGNERIA$bIT-CE0100$gNS$h1875$kCONS G III 146$oc$qa 995 $aUFFICIO DI BIBLIOTECA DEI DIPARTIMENTI DI INGEGNERIA$bIT-CE0100$h196$kCONS G I 003$oc$qa 996 $aFondamenti di meccanica delle strutture$9104892 997 $aUNICAMPANIA LEADER 01162nam 2200361 450 001 9910794354303321 005 20230823000039.0 010 $a1-5275-5747-2 035 $a(CKB)4100000011389558 035 $a(MiAaPQ)EBC6301536 035 $a(EXLCZ)994100000011389558 100 $a20201224d2020 uy 0 101 0 $aeng 135 $aurcnu|||||||| 181 $ctxt$2rdacontent 182 $cc$2rdamedia 183 $acr$2rdacarrier 200 02$aA comprehensive rheumatological and immunological approach to diagnosis of psoriatic arthritis /$fedited by Syuichi Koarada 210 1$aNewcastle upon Tyne, England :$cCambridge Scholars Publishing,$d[2020] 210 4$d©2020 215 $a1 online resource (448 pages) $cillustrations 311 $a1-5275-4927-5 606 $aPsoriatic arthritis 615 0$aPsoriatic arthritis. 676 $a616.7227 702 $aKoarada$b Syuichi 801 0$bMiAaPQ 801 1$bMiAaPQ 801 2$bMiAaPQ 906 $aBOOK 912 $a9910794354303321 996 $aA comprehensive rheumatological and immunological approach to diagnosis of psoriatic arthritis$93827378 997 $aUNINA